| 000 | 00626nam a2200241 a 4500 | ||
|---|---|---|---|
| 999 |
_c8511 _d8511 |
||
| 001 | 8511 | ||
| 003 | BD-JhCC | ||
| 005 | 20180922132156.0 | ||
| 008 | 180226s1995 i a|||| || | 001 0 eng d | ||
| 020 | _a8174730303 | ||
| 035 | _a(BD-JhCC)8511 | ||
| 040 |
_aBD-JhCC _dBD-JhCC |
||
| 041 | _aeng | ||
| 082 | _bGOO 1995 | ||
| 245 |
_aTextbook of Goology Vertebrates / _cA. J. Marshall (Editor) |
||
| 260 |
_aDelhi : _bA. I. T. B. S. Publishers & Distributors, _c1995. |
||
| 300 |
_a952 p. : _bill. ; _c25 cm |
||
| 504 | _aIncludes Index | ||
| 650 | _aGoology | ||
| 650 | _avertebrates | ||
| 942 |
_2ddc _cBK |
||